Alphabetical US States with an Empty Map - Statistics

General Stats
  • This quiz has been taken 377 times
  • The average score is 41 of 50
Answers on the Map
Answers color-coded by a green-red scale on the quiz's map according to % correct below.
 
Answer Stats
State % Correct
Alabama
100%
Alaska
96%
Arkansas
94%
Arizona
92%
California
90%
Colorado
89%
Connecticut
89%
Delaware
88%
Florida
88%
Georgia
88%
Idaho
88%
Hawaii
87%
Illinois
87%
Indiana
87%
Iowa
87%
Kansas
85%
Kentucky
84%
Louisiana
84%
Maryland
84%
Massachusetts
83%
Michigan
83%
Maine
82%
Minnesota
82%
Mississippi
82%
Missouri
82%
New Hampshire
81%
Montana
80%
New Jersey
80%
Nebraska
79%
New Mexico
79%
North Carolina
79%
North Dakota
79%
Nevada
78%
New York
78%
Ohio
78%
Oregon
78%
Wyoming
78%
Oklahoma
76%
West Virginia
76%
Wisconsin
76%
Pennsylvania
75%
South Carolina
75%
South Dakota
75%
Tennessee
75%
Utah
75%
Vermont
75%
Virginia
75%
Washington
74%
Rhode Island
73%
Texas
73%
No matching quizzes found
Score Distribution
Percent of People with Each Score
Percentile by Number Answered
Your Score History
You have not taken this quiz